Basic Mandarin Words - Statistics

General Stats
  • This quiz has been taken 338 times
  • The average score is 8 of 14
Answer Stats
Mandarin Pinyin English % Correct
早上 Zao Shang Morning
86%
綠色 Lü Se Green
80%
麵包 Mian Bao Bread
77%
音樂 Yin Yue Music
67%
汽車 Qi Che Car
66%
眼睛 Yan Jing Eye
65%
天空 Tian Kong Sky
50%
大象 Da Xiang Elephant
46%
地球 Di Qiu The Earth
46%
警察 Jing Cha Police
41%
鋼琴 Gang Qin Piano
38%
上帝 Shang Di God
33%
大樓 Da Lou Building
30%
島嶼 Dao Yu Island
27%
No matching quizzes found
Score Distribution
Percent of People with Each Score
Percentile by Number Answered
Your Score History
You have not taken this quiz